| 000 | 01366nam2a2200265 4500 | ||
|---|---|---|---|
| 001 | RU\NLR\BIBL_A\022051019 | ||
| 005 | 20250625102020.0 | ||
| 035 | _a(NLR Aleph) 022051019 | ||
| 090 |
_a12597537 _c12597537 |
||
| 100 | _a20130416d1969 |||y0rusy50 ca | ||
| 101 | 0 | _arus | |
| 102 | _aRU | ||
| 105 | _ay ac 000zy | ||
| 200 | 0 |
_aЧ. 4 [продолж.] _fТ. А. Столяренко и Е. И. Сушкина _gпод редакцией канд. техн. наук С. К. Трекало |
|
| 210 |
_d1969 _aБ. м. |
||
| 215 | _a141, [3] с. | ||
| 461 | 0 |
_1001rc\4410528 _12001#$aДоменное производство$eБиблиогр. указатель$fПод ред. инж. Н. Б. Арутюнова. [Ч. 1]-$gГос. науч.-техн. ком. Совета министров СССР. Центр. науч.-техн. б-ка черной металлургии$vЧ. 4 _98483816 _cМосква _d1958 _fПод ред. инж. Н. Б. Арутюнова. [Ч. 1]- _nМеталлургиздат _oБиблиогр. указатель _tДоменное производство _vЧ. 4 |
|
| 801 | 0 |
_aRU _bNLR _gpsbo |
|
| 801 | 1 |
_aRU _bELAR _2rusmarc |
|
| 852 |
_aNLR _jС337-420/Д-66 |
||
| 942 | _cBOOK | ||
| 980 | _aNB | ||